Normal view
MARC view
- Rathode , N. S .
Entry Personal Name
001 - CONTROL NUMBER
- control field: 1558
003 - CONTROL NUMBER IDENTIFIER
- control field: OSt
005 - DATE AND TIME OF LATEST TRANSACTION
- control field: 20160927120949.0
008 - FIXED-LENGTH DATA ELEMENTS
- fixed length control field: 160927|| aca||aabn | a|a d
040 ## - CATALOGING SOURCE
- Original cataloging agency: OSt
- Transcribing agency: OSt
100 ## - HEADING--PERSONAL NAME
- Personal name: Rathode , N. S .
670 ## - SOURCE DATA FOUND
- Source citation: Work cat.: (OSt)9864: Mathur, M N . 1557, Renewable Energy and Environment Proceeding of the National Solar Energy Convention-Udaipur / , 1990.
